000 00885nam a2200229Ii 4500
003 JO-AjNU
008 230605s9999||||xx |||||||||||||| ||und||
017 _a2013/5/1672
020 _a9957-71-321-8
040 _aJO-AjNU
_bara
_erda
_cJO-AjNU
041 _aara
050 1 4 _aDS154.16 2014
100 3 _aالوحش، عاكف موسى محمود,
_eauthor
_950533
245 0 0 _aمواقف الصحافة الأردنية إزاء التطبيع مع الكيان الصهيوني: دراسة تحليلية لجريدتي الدستور والرأي للمدة من 1993/9/13 ولغاية 1994/10/26
250 _aط1
264 3 1 _aعمان: دار دجلة، 2014
300 _a319ص
336 _atext
_btxt
_2rdacontent
337 _aunmediated
_bn
_2rdamedia
338 _avolume
_bnc
_2rdacarrier
650 4 _aالتطبيع الصهيوني- مواقف واراء
_950534
999 _aA22266
_c25834
_d25834